Blumen - Bilderquiz (Teil 2) - Statistiken

Allgemein
  • Dieses Quiz wurde 327 mal gespielt
  • Das Durchschnittsergebnis liegt bei 6 aus 16
Antwortstatistiken
Bildquiz Antwort % Korrekt
Sonnenblume
100%
Gänseblümchen
74%
Raps
64%
Hortensie
52%
Dahlie
46%
Lotus
43%
Fuchsie
33%
Erika
32%
Oleander
28%
Gladiole
25%
Chrysantheme
20%
Jasmin
16%
Titanwurz
12%
Geranie
9%
Fleißiges Lieschen
4%
Petunie
4%
Keine übereinstimmenden Quizze gefunden
Verteilung der Resultate
Anzahl Personen mit jedem Resultat
Perzentil nach korrekt beantworteten Fragen
Ihre Resultats-Entwicklung
Sie haben dieses Quiz noch nicht gespielt